000 00300nam a2200121Ia 4500
008 241015s9999 xx 000 0 und d
041 _aeng
082 _a005.54 HYM
100 _aHyman
245 _aMicrosoft Power Bi For Dummies
260 _bWiley India
_aNew Delhi
_c2022
300 _a402;. P. 23 cm
999 _c41827
_d41827